000 00958nam a22003257a 4500
001 0039314
003 KOHA_MİRAKIL
005 20260207003126.0
007 ta
008 130109b1982 tu |||grd|||#0|||1|tur |
040 _aTR-BiSEU
_btur
_cTR-BiSEU
_erda
041 0 _atur
044 _ctu
050 _aPL193
_b.T43 1982
100 1 _aTaşpınar, Adnan Halet.
245 1 _aTechnisches wörterbuch band 1/
_cAdnan Halet Taşpınar ; Adnan Halet Taşpınar.
264 1 _aİstanbul :
_bTaşpınar Verlag für Technische Werke
_c1982
300 _a1069 sayfa; 20 cm
336 _ametin
_btxt
_2rdacontent
337 _aaracısız
_bn
_2rdamedia
338 _acilt
_bnc
_2rdacarrier
490 0 _aTaşpınar's technische werke no.
490 0 _a5
650 0 _aSözlükler.
_91707
650 0 _aTerminoloji.
_973153
830 0 _aTaşpınar's technische werke no.
_973154
830 0 _a5
_98319
907 _aSözlük
942 _2lcc
_cBK
999 _c39193
_d39193